000 00795nam a2200181Ii 4500
003 JO-AjNU
008 230605s9999||||xx |||||||||||||| ||und||
040 _aJO-AjNU
_bara
_erda
_cJO-AjNU
041 _aara
050 1 4 _aLB2367 .J6 J67 2012
100 3 _aصندوق الحسين للابداع,
_eauthor
_940806
245 0 0 _aتقرير شامل: تقارير مراجعة مجموعة من البرامج الاقتصادية للجامعات الأردنية
264 3 1 _aد،م: مكتبة الزاوية الشرطية، 2012
336 _atext
_btxt
_2rdacontent
337 _aunmediated
_bn
_2rdamedia
338 _avolume
_bnc
_2rdacarrier
650 4 _aالجامعات والكليات -- برامج -- الأردن --تعليم عالي -- تقرير سنوي -- الأردن
_940807
999 _aA17347
_c20915
_d20915